000 00618nam a2200193 i 4500
001 bg
003 BPK
005 20201013092702.0
008 950505s1984 pl f |000 0 pol d
040 _cBPK
041 _apol
080 _a621
100 1 _aPuzyrewski, Romuald
_d(1935-2016)
_eAutor
245 1 0 _aAnaliza prawdopodobieństwa błędów obliczeń układu zawór... /
_cR. Puzyrewski, P. Krzyślak.
260 _aGdańsk,
_c1984.
700 1 _aKrzyślak, Piotr
_eAutor
856 _uhttp://koha.tu.koszalin.pl/cgi-bin/koha/opac-detail.pl?biblionumber=27976
_yKatalog online BPK
942 _cKS
_2UKD
999 _c27976
_d27976